Espacios y creatividad /

Espacios y creatividad explora la posibilidad de pasaje de lo siniestro a lo maravilloso a través de lo artístico, la vivencia estética y el juego, todos ellos como el punteo inicial de un instrumento en el que cada cual, por turno, consonando con lo que le surge, agrega sus variaciones (escénicas),...

Descripción completa

Detalles Bibliográficos
Autor principal: Pavlovsky, Eduardo A.
Otros Autores: Kesselman, Hernán
Formato: Libro
Lenguaje:español
Publicado: Buenos Aires Galerna 2007
Edición:1a. ed.
Materias:
Acceso en línea:

MARC

LEADER 00000cam a2200000 a 4500
001 001646
003 UAHC_CL
005 20170803115748.0
008 080714s2007 ag 000 spa
020 |a 9789505565054 
040 |a UAHC_CL  |c UAHC_CL  |d UAHC_CL 
082 0 4 |a 153.35  |b P338  |2 20 
100 1 |a Pavlovsky, Eduardo A. 
245 1 0 |a Espacios y creatividad /  |c Eduardo Pavlovsky, Hernán Kesselman. 
250 |a 1a. ed. 
260 |b Galerna  |a Buenos Aires  |c 2007 
300 |a 80 p. 
520 |a Espacios y creatividad explora la posibilidad de pasaje de lo siniestro a lo maravilloso a través de lo artístico, la vivencia estética y el juego, todos ellos como el punteo inicial de un instrumento en el que cada cual, por turno, consonando con lo que le surge, agrega sus variaciones (escénicas), como en una jam session. 
650 4 |a APTITUD CREADORA 
650 4 |a FANTASIA 
650 4 |a DRAMA  |x USO TERAPEUTICO 
650 4 |a JUEGOS 
653 |a PSICOLOGIA 
700 1 |a Kesselman, Hernán 
900 |a 153.35 PAV 
942 |c BK 
952 |0 0  |1 0  |4 0  |6 153_350000000000000_PAV  |7 0  |8 General  |9 3764  |a BC  |b BC  |c General  |d 2017-08-03  |l 0  |o 153.35 PAV  |p 1364382  |r 2026-01-07 00:00:00  |t 1  |w 2017-08-03  |y BK 
952 |0 0  |1 0  |4 0  |6 153_350000000000000_PAV  |7 0  |8 General  |9 3765  |a BC  |b BC  |c General  |d 2017-08-03  |l 0  |o 153.35 PAV  |p 1364383  |r 2026-01-07 00:00:00  |t 2  |w 2017-08-03  |y BK 
952 |0 0  |1 0  |4 0  |6 153_350000000000000_PAV  |7 0  |8 General  |9 3766  |a BC  |b BC  |c General  |d 2017-08-03  |l 1  |m 3  |o 153.35 PAV  |p 1364384  |r 2026-01-07 00:00:00  |s 2022-08-29  |t 3  |w 2017-08-03  |y BK 
999 |c 1646  |d 1646